Central Library OPAC University of Rajshahi

The red badge of courage, and selected prose and poetry / (Record no. 21575)

MARC details
000 -LEADER
fixed length control field 00868nam a22002531 4500
001 - CONTROL NUMBER
control field 21575
003 - CONTROL NUMBER IDENTIFIER
rucl marc code BD-RjUL
005 - DATE AND TIME OF LATEST TRANSACTION
control field 20211209000713.0
008 - FIXED-LENGTH DATA ELEMENTS--GENERAL INFORMATION
fixed length control field 140304s1956 nyu b 000 1 eng
035 ## - SYSTEM CONTROL NUMBER
System control number (BD-RjUL)21639
040 ## - CATALOGING SOURCE
Original cataloging agency DLC
Transcribing agency DLC
Modifying agency BD-RjUL
Language of cataloging eng
041 ## - LANGUAGE CODE
Language code of text/sound track or separate title eng
082 00 - DEWEY DECIMAL CLASSIFICATION NUMBER
Classification number 818.409
Author mark and year CRR 1956
100 1# - MAIN ENTRY--PERSONAL NAME
Personal name Crane, Stephen
Dates associated with a name 1871-1900.
9 (RLIN) 51714
245 14 - TITLE STATEMENT
Title The red badge of courage, and selected prose and poetry /
Statement of responsibility, etc. Stephen Crane, Edited with an introd. by William M. Gibson.
260 ## - PUBLICATION, DISTRIBUTION, ETC. (IMPRINT)
Place of publication, distribution, etc. New York :
Name of publisher, distributor, etc. Rinehart and Co.,
Date of publication, distribution, etc. c1956.
300 ## - PHYSICAL DESCRIPTION
Pagination xx, 425 p. ;
Size 21 cm.
651 #0 - SUBJECT ADDED ENTRY--GEOGRAPHIC NAME
Geographic name United States
General subdivision History
Chronological subdivision Civil War, 1861-1865
General subdivision Fiction.
9 (RLIN) 66640
700 1# - ADDED ENTRY--PERSONAL NAME
Personal name Gibson, William M.
Fuller form of name (William Merriam),
Dates associated with a name 1912-1987,
Relator term ed.
942 ## - ADDED ENTRY ELEMENTS (KOHA)
Source of classification or shelving scheme Dewey Decimal Classification
Koha item type Books
Holdings
Lost status Source of classification or shelving scheme Damaged status Not for loan Collection code Permanent Location Current Location Shelving location Date acquired Source of acquisition Total Checkouts Full call number Date last seen Copy number Koha item type
  Dewey Decimal Classification   Added to bundle Fiction Central Library, University of Rajshahi Central Library, University of Rajshahi Reading Room 23/04/1959 Asia foundation   818.409 CRR 1956 04/03/2014 C-1 Books
  Dewey Decimal Classification     Fiction Central Library, University of Rajshahi Central Library, University of Rajshahi   21/07/1961 Asia Foundation   818.409 CRR 1956 04/02/2017 C-2 Books